书目信息 |
| 题名: |
化学元素周期系
|
|
| 作者: | 车云霞 , 申泮文 编 | |
| 分册: | ||
| 出版信息: | 天津 南开大学出版社 1999 |
|
| 页数: | 322页 | |
| 开本: | 26cm | |
| 丛书名: | ||
| 单 册: | ||
| 中图分类: | O6-64 | |
| 科图分类: | ||
| 主题词: | 化学 | |
| 电子资源: | ||
| ISBN: | 7-310-01320-4 | |
| 000 | 00576nam0 2200205 45 | |
| 001 | 0306040966 | |
| 005 | 20031219104110.7 | |
| 010 | @a7-310-01320-4@dCNY31.00 | |
| 100 | @a20030604d1999 km y0chiy0120 ea | |
| 101 | 0 | @achi |
| 105 | @a z 000yy | |
| 200 | 1 | @a化学元素周期系@AHua Xue Yuan Su Zhou Qi Xi@f车云霞,申泮文编@FChe Yun Xia,Shen Pan Wen Bian |
| 210 | @a天津@c南开大学出版社@d1999 | |
| 215 | @a322页@d26cm | |
| 606 | 0 | @a化学 |
| 690 | @aO6-64@v4 | |
| 701 | 0 | @a车云霞@4编 |
| 701 | 0 | @a申泮文@4编 |
| 801 | @aCN@bTSTC@c20030604 | |
| 905 | @b323683-687@dO6-64@e257@f5 | |
| 化学元素周期系/车云霞,申泮文编.-天津:南开大学出版社,1999 |
| 322页;26cm |
| ISBN 7-310-01320-4:CNY31.00 |
| ● |
| 相关链接 |
|
|
|
|
正题名:化学元素周期系
索取号:O6-64/257
 
预约/预借
| 序号 | 登录号 | 条形码 | 馆藏地/架位号 | 状态 | 备注 |
| 1 | 0323683 | 203236836 | 第三借阅区/ [索取号:O6-64/257] | 在馆 | |
| 2 | 0323684 | 203236845 | 第三借阅区/ [索取号:O6-64/257] | 在馆 | |
| 3 | 0323685 | 203236854 | 第三借阅区/ [索取号:O6-64/257] | 在馆 | |
| 4 | 0323686 | 203236863 | 第三借阅区/ [索取号:O6-64/257] | 在馆 | |
| 5 | 0323687 | 203236872 | 第二样本阅览室/ [索取号:O6-64/257] | 在馆 |